| 000 | 00486nam a22001697a 4500 | ||
|---|---|---|---|
| 003 | OSt | ||
| 005 | 20220909225558.0 | ||
| 008 | 220909b |||||||| |||| 00| 0 eng d | ||
| 040 | _cBiblioteca Lado V | ||
| 082 |
_a704.944.725.3 _bC778c |
||
| 110 | _aCooperativa Cráter Invertido | ||
| 245 | _aCity-is/ | ||
| 246 | _aCiudad-es/ | ||
| 260 |
_aMexico _bCooperativa Crater Invertido |
||
| 300 |
_a90p. _c15x20.5cm |
||
| 942 |
_2ddc _c1 _h704.944.725.3 _iC778c _n0 |
||
| 999 |
_c1995 _d1995 |
||